000 00624nam a2200193 a 4500
001 000044540
005 20240412074303.0
008 140711s2014 dr ac r 000 p spa d
040 _aDO-SdBNP
_bspa
_cBNPHU
082 _aRD861.44
_bC957c
100 1 _aCruz, Yaysa
_971190
245 1 0 _aCuando el sentimiento vuela /
_cYaysa Cruz.
260 _aSantiago de los Caballeros, República Dominicana :
_b[s. n.],
_c2014.
300 _a111 p. :
_bil. retrs. ;
_c20 cm.
590 _aInventariado, 2018/BT
650 0 _aPoesía dominicana
_966
650 0 _aLiteratura dominicana.
_967
910 _aValidado. Control de calidad. MFF
999 _c44029
_d44029